Diplomatari d'Alguaire i del seu monestir santjoanista / estudi i edició a cura de Jesús Alturo i Perucho
ISBN:
84-7935-685-5
Descripción Física:
580 p. ; 24 cm
Colección:
Diplomataris ; 21
MARC
| LEADER | 00000nam a2200000Ia 4500 | ||
|---|---|---|---|
| 001 | 13119 | ||
| 008 | 160829s1999 xx 000 0 cat d | ||
| 020 | |a 84-7935-685-5 | ||
| 080 | |a A-2-108 | ||
| 245 | |a Diplomatari d'Alguaire i del seu monestir santjoanista / estudi i edició a cura de Jesús Alturo i Perucho | ||
| 260 | |a Barcelona : |b Fundació Noguera ; Lleida : |b Pagès, |c 1999 | ||
| 300 | |a 580 p. ; |c 24 cm | ||
| 490 | |a Diplomataris ; 21 | ||
| 590 | |a Amb la col·laboració de l'Ajuntament d'Alguaire, Patronat Municipal 'Josep Lladonosa i Pujol' | ||
| 650 | |a Diplomatica |x Alguaire |9 37498 | ||
| 650 | |a Alguaire |x Història |x Fonts |9 37499 | ||
| 700 | 1 | |a Alturo i Perucho, Jesús |9 46092 | |
| 700 | |a Fundació Noguera |9 70407 | ||
| 901 | |a Arxiu | ||
| 942 | |n 1 | ||
| 952 | |0 0 |1 0 |4 0 |6 A2108 |7 1 |9 47898 |a Arxiu |b Arxiu |d 2016-12-01 |l 0 |o A-2-108 |p 13119 |r 2016-12-01 00:00:00 |w 2016-12-01 |y ARXIU | ||
| 999 | |c 51698 |d 51698 | ||